000 00386nam a22001337a 4500
020 _a9787508536583
082 _a808.02
100 _aCHEN GUO
245 _aAbove the "ladders to heaven" : the story of a rural teacher couple
_cCHEN GUO
260 _aChina
_bIntercontinental Press
_c2019
300 _a175p
942 _2ddc
_cBK
999 _c586583
_d586583